000 00769nam a2200277Ia 4500
003 OSt
005 20220912151017.0
006 a|||||r|||| 00| 0
007 ta
008 220909b |||||||| |||| 00| 0 eng d
024 _a45361
037 _cTextual
040 _aCSL
_beng
_cCSL
041 _aeng
082 _aG11:424:56, L3
100 _aZacharia Theodore P Ed.
245 0 _aImmune response at the cellular level
260 _aNew York
_b Marcel Dekker
_c1973
300 _ax,235p.
_ccm.
490 _aMethods in Molecular Biology; 6
500 _aIncludes bibliography
650 _a Molecular immunology
650 _aBiology
942 _hG11:424:56, L3
_cTEXL
_2CC
999 _c59289
_d59289